Classical symbols of Dionysus/Bacchus on a drawing - Statistics

General Stats
  • This quiz has been taken 31 times
  • The average score is 5 of 7
Answers on the Map
Answers color-coded by a green-red scale on the quiz's map according to % correct below.
 
Answer Stats
Symbol % Correct
The cup of wine
100%
Theater/Masks
88%
The goat
85%
The grapevine
58%
Death
54%
The Thyrsus
46%
The ivy crown
38%
No matching quizzes found
Score Distribution
Percent of People with Each Score
Percentile by Number Answered
Your Score History
You have not taken this quiz